01613naa a2200229 i 4500001000400000003000400004005001700008008003900025040000800064080001000072100014500082245013500227260001000362500002100372520055600393650002600949655003000975650001401005773011801019700014401137711010201281BPPBPK20190604154926.0140605s1978 pl f |100 0 pol cBPK a621.9 aKACALAK, Wojciech.d1970 - 1996.bWyższa Szkoła Inżynierska w Koszalinie - Instytut Techniki Wytwarzania,cZakład Obróbki Skrawaniem aTopografia śladów skrawania pojedyńczymi ziarnami ściernymi zamocowanymi elastycznie /cWojciech Kacalak, Zdzisław Pluta. c1978. aDane z autopsji. aW pracy przedstawiono model procesu skrawania pojedynczym ziarnem zamocowanym elastycznie opracowany na podstawie warunków dynamicznej równowagi ostrza w strefie pracy. W oparciu o rozważania teoretyczne oraz wyniki badań doświadczalnych przeprowadzono analizę wpływu sposobu utwierdzenia ziarna na topografię śladów skrawania. Na podstawie wprowadzonych parametrów oceny topografii śladów dokonano identyfikacji zjawisk fizycznych w strefie skrawania związanych z mechanicznym oddziaływaniem ostrza na materiał obrabiany. 0aMateriały ścierne. 0aMateriały konferencyjne. 0aSkrawanie iW :tPostępy w technice wytwarzania. Cz. 1, Narzędzia i technologia obróbki ściernej. -g1978, s. 324-331 aPLUTA, Zdzisław.d1973 - 1996.bWyższa Szkoła Inżynierska w Koszalinie - Instytut Techniki Wytwarzania,cZakład Obróbki Skrawaniem aKonferencja Naukowo-Techniczna "Postępy w technice wytwarzania"d(1978 ;cKołobrzeg, Polska).